书目信息 |
| 题名: |
日本影视明星绝对档案
|
|
| 作者: | 陈桂龙 编著 | |
| 分册: | ||
| 出版信息: | 北京 中国广播电视出版社 2004.05 |
|
| 页数: | 279页 | |
| 开本: | 21cm | |
| 丛书名: | ||
| 单 册: | ||
| 中图分类: | K833.135.78 | |
| 科图分类: | ||
| 主题词: | 电影演员--生平事迹--日本 , 电视演员--生平事迹--日本 | |
| 电子资源: | ||
| ISBN: | 7-5043-4258-0 | |
| 000 | 00666nam0 2200217 45 | |
| 001 | 012004000000 | |
| 005 | 20041103162130.86 | |
| 010 | @a7-5043-4258-0@dCNY 25.80 | |
| 100 | @a20040901d2004 em y0chiy0121 ea | |
| 101 | 0 | @achi |
| 102 | @aCN@b110000 | |
| 105 | @aaf z 000yd | |
| 200 | 1 | @a日本影视明星绝对档案@Ari ben ying shi ming xing jue dui dang an@f陈桂龙编著 |
| 210 | @a北京@c中国广播电视出版社@d2004.05 | |
| 215 | @a279页@c图, 照片@d21cm | |
| 606 | 0 | @a电影演员@x生平事迹@y日本 |
| 606 | 0 | @a电视演员@x生平事迹@y日本 |
| 690 | @aK833.135.78@v4 | |
| 701 | 0 | @a陈桂龙@Achen gui long@4编著 |
| 801 | 0 | @aCN@bQSSKt@c20041103 |
| 905 | @a10447@dK833.135.78@eC420 | |
| 日本影视明星绝对档案/陈桂龙编著.-北京:中国广播电视出版社,2004.05 |
| 279页:图, 照片;21cm |
| ISBN 7-5043-4258-0:CNY 25.80 |
| ● |
| 相关链接 |
|
|
|
正题名:日本影视明星绝对档案
索取号:K833.135.78/C420
 
预约/预借
| 序号 | 登录号 | 条形码 | 馆藏地/架位号 | 状态 | 备注 |
| 1 | 425000 | 204250005 | 社科库309/ [索取号:K833.135.78/C420] | 在馆 | |
| 2 | 425001 | 204250014 | 社科库309/309社科库 60排6列5层/ [索取号:K833.135.78/C420] | 在馆 | |
| 3 | 425002 | 204250023 | 社科库309/ [索取号:K833.135.78/C420] | 在馆 |